[Event "EU-ch Seniors 05th"]
[Site "Bad Homburg"]
[Date "2005.??.??"]
[Round "6"]
[White "Zhelesny, Stanislav"]
[Black "Kraidman, Yair"]
[Result "1-0"]
[WhiteElo "2254"]
[BlackElo "2320"]
[PlyCount "87"]
[EventDate "2005.06.25"]
[EventType "swiss"]
[EventRounds "9"]
[EventCountry "GER"]
[SourceTitle "EXT 2006"]
[Source "ChessBase"]
[SourceDate "2005.11.24"]
[SourceVersion "1"]
[SourceVersionDate "2005.11.24"]
[SourceQuality "1"]

1. Nf3 Nf6 2. g3 c5 3. Bg2 Nc6 4. d4 e6 5. 0-0 d5 6. c4 dxc4 7. dxc5 Qxd1 8. Rxd1 Bxc5 9. Nbd2 c3 10. bxc3 0-0 11. Nb3 Be7 12. c4 Bd7 13. Bb2 Rfd8 14. Ne5 Rac8 15. c5 Be8 16. Nc4 Kf8 17. Nd6 Rc7 18. Rac1 Bd7 19. h3 Bc8 20. Bxc6 Rxc6 21. Na5 Rc7 22. Be5 Nd7 23. Ndxb7 Rxb7 24. Nxb7 Bxb7 25. Bc7 Rc8 26. Rxd7 Bc6 27. Rxe7 Kxe7 28. Bd6+ Kd7 29. Rb1 Ra8 30. f3 f5 31. Kf2 Bd5 32. a3 Kc6 33. Ke3 Bc4 34. Rb2 Bb5 35. Kd4 e5+ 36. Bxe5 Re8 37. e3 g6 38. Bd6 Re6 39. h4 h5 40. e4 fxe4 41. fxe4 a6 42. a4 Bxa4 43. Rb6+ Kd7 44. Kd5 1-0

[Event "Wch Seniors 14th"]
[Site "Halle"]
[Date "2004.11.04"]
[Round "10"]
[White "Kraidman, Yair"]
[Black "Baumgartner, Heinz"]
[Result "1-0"]
[WhiteElo "2307"]
[BlackElo "2337"]
[PlyCount "127"]
[EventDate "2004.10.24"]
[EventType "swiss"]
[EventRounds "11"]
[EventCountry "GER"]
[SourceTitle "EXT 2005"]
[Source "ChessBase"]
[SourceDate "2004.11.15"]
[SourceVersion "1"]
[SourceVersionDate "2004.11.15"]
[SourceQuality "1"]

1. d4 Nf6 2. c4 e6 3. Nf3 b6 4. g3 Ba6 5. Qc2 d5 6. cxd5 exd5 7. Bg2 Bb7 8. Nc3 Nbd7 9. 0-0 Be7 10. Ne5 c5 11. Nxd7 Qxd7 12. dxc5 bxc5 13. Bg5 d4 14. Bxb7 Qxb7 15. Bxf6 gxf6 16. Na4 Rc8 17. b3 0-0 18. Rac1 Rc7 19. Qd3 Rfc8 20. Rc4 Qd5 21. Rfc1 Bd6 22. Nc3 Qb7 23. Ne4 Be7 24. g4 Qd5 25. Qf3 Qe6 26. b4 Kh8 27. Nxc5 Bxc5 28. Rxc5 Rxc5 29. Rxc5 Re8 30. Rc6 Qxe2 31. Qxf6+ Kg8 32. Qxd4 Qxa2 33. Rc5 h6 34. Kg2 Qe2 35. Rc6 h5 36. Rc4 Re5 37. Qd8+ Kg7 38. Rf4 Re6 39. Qg5+ Rg6 40. Qxh5 Qe6 41. h3 Qc6+ 42. Rf3 Qe4 43. Qf5 Qb7 44. Qe5+ f6 45. Qd4 Rh6 46. Qf4 Qc6 47. Kg3 Rh8 48. g5 Rf8 49. gxf6+ Kf7 50. Kh2 Rg8 51. Rg3 Rxg3 52. fxg3 Qc2+ 53. Kg1 Qd1+ 54. Qf1 Qd4+ 55. Qf2 Qd1+ 56. Kh2 a6 57. h4 Qg4 58. Qa7+ Kxf6 59. Qxa6+ Ke5 60. Qb5+ Kd4 61. Qf1 Kd5 62. Qf7+ Kc6 63. Qf6+ Kb7 64. Qf4 1-0